Umrisse der Länder Asiens - Statistiken

Allgemein
  • Dieses Quiz wurde 1.305 mal gespielt
    1.297 seit der letzten Aktualisierung
  • Das Durchschnittsergebnis liegt bei 30 aus 48
Antwortstatistiken
Bildquiz Antwort % Korrekt
Japan
98%
China
96%
Indien
94%
Indonesien
94%
Vietnam
94%
Philippinen
90%
Thailand
88%
Türkei
87%
Zypern
83%
Laos
81%
Malaysia
79%
Myanmar
77%
Israel
76%
Malediven
76%
Bangladesch
75%
Kasachstan
75%
Nepal
75%
Pakistan
71%
Sri Lanka
67%
Usbekistan
67%
Taiwan
65%
Mongolei
64%
Vereinigte Arabische Emirate
63%
Oman
62%
Iran
61%
Jemen
61%
Südkorea
60%
Afghanistan
56%
Kirgisistan
56%
Nordkorea
55%
Irak
53%
Saudi-Arabien
53%
Syrien
52%
Tadschikistan
52%
Turkmenistan
52%
Aserbaidschan
51%
Osttimor
50%
Jordanien
49%
Singapur
48%
Kuwait
45%
Georgien
41%
Libanon
40%
Kambodscha
37%
Brunei
36%
Armenien
35%
Bahrain
35%
Katar
35%
Bhutan
31%
Keine übereinstimmenden Quizze gefunden
Verteilung der Resultate
Anzahl Personen mit jedem Resultat
Perzentil nach korrekt beantworteten Fragen
Ihre Resultats-Entwicklung
Sie haben dieses Quiz seit der letzten Aktualisierung nicht gespielt